000 00618nam a2200205Ia 4500
001 9809
003 GE_BSU
008 181216s||||||||xx |||||||||||||| ||und||
040 _cGE_BSU
080 _a821.353.1–1
245 _aთხზულებანი ორ ტომად. ლექსები. ტ.2
245 _cრედ.ე. მაღრაძე
260 _aთბილისი
260 _bსაბჭოთა საქართველო
260 _c1982
300 _a381გვ.22სმ.
653 _aთხზულებანი
653 _aლექსები
942 _cBK
999 _c43089
_d43089